|
|
|
|
| LEADER |
02006nam a2200445 i 4500 |
| 001 |
EBC5153527 |
| 003 |
MiAaPQ |
| 005 |
20200520144314.0 |
| 006 |
m o d | |
| 007 |
cr cnu|||||||| |
| 008 |
180102t20182018enk ob 001 0 eng d |
| 020 |
|
|
|z 9781780408330
|
| 020 |
|
|
|a 9781780408347
|q (electronic bk.)
|
| 035 |
|
|
|a (MiAaPQ)EBC5153527
|
| 035 |
|
|
|a (Au-PeEL)EBL5153527
|
| 035 |
|
|
|a (CaPaEBR)ebr11476178
|
| 035 |
|
|
|a (OCoLC)1014422362
|
| 040 |
|
|
|a MiAaPQ
|b eng
|e rda
|e pn
|c MiAaPQ
|d MiAaPQ
|
| 050 |
|
4 |
|a TD897
|b .W435 2018
|
| 082 |
0 |
|
|a 628.4
|2 23
|
| 245 |
0 |
0 |
|a Wealth creation without pollution :
|b designing for industry, ecobusiness parks and industrial estates /
|c edited by Brian D'Arcy, Lee-Hyung Kim, Marla Maniquiz-Redillas.
|
| 264 |
|
1 |
|a London, England :
|b IWA Publishing,
|c 2018.
|
| 264 |
|
4 |
|c 2018
|
| 300 |
|
|
|a 1 online resource (237 pages)
|
| 336 |
|
|
|a text
|2 rdacontent
|
| 337 |
|
|
|a computer
|2 rdamedia
|
| 338 |
|
|
|a online resource
|2 rdacarrier
|
| 504 |
|
|
|a Includes bibliographical references and index.
|
| 588 |
|
|
|a Description based on online resource; title from PDF title page (EBC, viewed January 2, 2018).
|
| 590 |
|
|
|a Electronic reproduction. Ann Arbor, MI : ProQuest, 2016. Available via World Wide Web. Access may be limited to ProQuest affiliated libraries.
|
| 650 |
|
0 |
|a Factory and trade waste
|x Environmental aspects.
|
| 650 |
|
0 |
|a Factory and trade waste
|x Environmental aspects
|v Case studies.
|
| 650 |
|
0 |
|a Water
|x Pollution
|x Prevention.
|
| 655 |
|
4 |
|a Electronic books.
|
| 700 |
1 |
|
|a Maniquiz-Redillas, Marla,
|e editor.
|
| 700 |
1 |
|
|a Kim, Lee-Hyung,
|e editor.
|
| 700 |
1 |
|
|a D'Arcy, B.
|q (Brian),
|e editor.
|
| 776 |
0 |
8 |
|i Print version:
|t Wealth creation without pollution : designing for industry, ecobusiness parks and industrial estates.
|d London, England : IWA Publishing, c2018
|h xxviii, 298 pages
|z 9781780408330
|
| 797 |
2 |
|
|a ProQuest (Firm)
|
| 856 |
4 |
0 |
|u https://ebookcentral.proquest.com/lib/matrademy/detail.action?docID=5153527
|z Click to View
|